Basic research methods: (Record no. 41065)
[ view plain ]
| 000 -LEADER | |
|---|---|
| fixed length control field | 00943nam a22002417a 4500 |
| 008 - FIXED-LENGTH DATA ELEMENTS--GENERAL INFORMATION | |
| fixed length control field | 081212t xxu||||| |||| 00| 0beng d |
| 010 ## - LCCN (DPL NO) | |
| LC control number | ENG-99746 |
| 020 ## - INTERNATIONAL STANDARD BOOK NUMBER | |
| Terms of availability | 395.00 |
| International Standard Book Number | 9788132104575 |
| 035 ## - SYSTEM CONTROL NUMBER | |
| System control number | EN-83278 |
| 037 ## - SOURCE OF ACQUISITION | |
| Source of stock number/acquisition | DBAD / PUB |
| 040 ## - CATALOGING SOURCE | |
| Original cataloging agency | dpl |
| Language of cataloging | English |
| 082 ## - DEWEY DECIMAL CLASSIFICATION NUMBER | |
| Classification number | 300.72 |
| 100 ## - MAIN ENTRY--PERSONAL NAME | |
| 9 (RLIN) | 3724 |
| Personal name | Guthrie, Gerard |
| 245 ## - TITLE STATEMENT | |
| Title | Basic research methods: |
| Statement of responsibility, etc | by Gerard Guthrie |
| Remainder of title | an entry to social science research / |
| 260 ## - PUBLICATION, DISTRIBUTION, ETC. (IMPRINT) | |
| Place of publication, distribution, etc | New Delhi |
| Name of publisher, distributor, etc | Sage Publications |
| Date of publication, distribution, etc | 2010 |
| 270 ## - ADDRESS | |
| Address | B 1/I-1 Mohan Cooperative Industrial Area Mathura Road, |
| City | New Delhi |
| Postal code | 110044 |
| 300 ## - PHYSICAL DESCRIPTION | |
| Extent | xviii, 221p. |
| Dimensions | 24cm (pbk) |
| 500 ## - GENERAL NOTE | |
| General note | Includes bibliographical references and index |
| 600 ## - SUBJECT ADDED ENTRY--PERSONAL NAME | |
| Personal name | Baba Visakha Singh |
| General subdivision | Biography. |
| 9 (RLIN) | 3725 |
| 700 ## - ADDED ENTRY--PERSONAL NAME | |
| 9 (RLIN) | 10254 |
| 942 ## - ADDED ENTRY ELEMENTS (KOHA) | |
| Source of classification or shelving scheme | Dewey Decimal Classification |
| Item type | English Books |
| Call number suffix | GUT |
| Classification part | 300.72 |
| Withdrawn status | Lost status | Source of classification or shelving scheme | Damaged status | Not for loan | Collection code | Home library | Current library | Date acquired | Source of acquisition | Cost, normal purchase price | Total Checkouts | Full call number | Barcode | Date last seen | Copy number | Cost, replacement price | Koha item type |
|---|---|---|---|---|---|---|---|---|---|---|---|---|---|---|---|---|---|
| Dewey Decimal Classification | Not For Loan | Non-fiction | D.B.Act.Division | D.B.Act.Division | 11/08/2010 | DBAD/PUB | 395.00 | 300.72 GUT | EN-83278 | 11/08/2010 | 1 | 395.00 | English Books |
